Govt. of
Madhya Pradesh

WOMEN A Platform of Resurrection (Record no. 64450)

MARC details
000 -LEADER
fixed length control field 00445nam a22001697a 4500
003 - CONTROL NUMBER IDENTIFIER
control field MACL
005 - DATE AND TIME OF LATEST TRANSACTION
control field 20210928165754.0
008 - FIXED-LENGTH DATA ELEMENTS--GENERAL INFORMATION
fixed length control field 210928b |||||||| |||| 00| 0 eng d
040 ## - CATALOGING SOURCE
Transcribing agency MACL
082 ## - DEWEY DECIMAL CLASSIFICATION NUMBER
Classification number 823/SIN
100 ## - MAIN ENTRY--PERSONAL NAME
Personal name Sinha,Manju
9 (RLIN) 81184
245 ## - TITLE STATEMENT
Title WOMEN A Platform of Resurrection
Remainder of title Portrayed by D.H. Lawrence
260 ## - PUBLICATION, DISTRIBUTION, ETC. (IMPRINT)
Place of publication, distribution, etc. Delhi
Name of publisher, distributor, etc. Disha International Publishing House
Date of publication, distribution, etc. 2017
300 ## - PHYSICAL DESCRIPTION
Extent p356
650 ## - SUBJECT ADDED ENTRY--TOPICAL TERM
Topical term or geographic name as entry element Novel
942 ## - ADDED ENTRY ELEMENTS (KOHA)
Source of classification or shelving scheme
Koha item type Books
Holdings
Withdrawn status Lost status Source of classification or shelving scheme Damaged status Not for loan Home library Current library Date acquired Cost, normal purchase price Total Checkouts Full call number Barcode Date last seen Price effective from Koha item type
          MACL MACL 28/09/2021 1600.00   823/SIN CRE037052 02/05/2024 28/09/2021 Books